MARC

LEADER 00000nam0a2200000 4500
001 160375
005 20231031155544.0
035 |a (RuTPU)RU\TPU\book\173911 
090 |a 160375 
100 |a 20090521d1970 m y0rusy50 ca 
101 0 |a rus 
102 |a RU 
105 |a a j 001zy 
200 1 |a Основы маркшейдерского дела и геометризации недр  |e учебник  |f А. А. Трофимов 
210 |a Москва  |c Недра  |d 1970 
215 |a 363 с.  |c ил. 
320 |a Библиогр.: с. 355-358. 
451 1 |0 (RuTPU)RU\TPU\book\35630  |t Основы маркшейдерского дела и геометризация недр  |o учебное пособие  |e 2-е изд., перераб. и доп.  |c М.  |n Недра  |d 1985  |p 336 с.  |s Высшее образование  |a Трофимов, Александр Алексеевич 
610 1 |a маркшейдерское дело 
610 1 |a полезные ископаемые 
610 1 |a месторождения 
610 1 |a геометризация 
610 1 |a геодезические сети 
610 1 |a теодолитная съемка 
610 1 |a подземная съемка 
610 1 |a вертикальная съемка 
610 1 |a горные выработки 
610 1 |a маркшейдерские работы 
610 1 |a геометрия 
610 1 |a аксонометрические проекции 
610 1 |a топографические поверхности 
610 1 |a геометрические элементы 
610 1 |a метод П. К. Соболевского 
610 1 |a учебники 
675 |a 622.1:526(075.8)  |v 3 
700 1 |a Трофимов  |b А. А.  |g Александр Алексеевич 
801 1 |a RU  |b 63413507  |c 20090521  |g PSBO 
801 2 |a RU  |b 63413507  |c 20191225  |g PSBO 
900 |a Основы горнопромышленной геологии и маркшейдерии 
942 |c BK